000 01038nam0a22002411i 4500
001 rc\477511
005 20260405141830.0
035 _a(NLR Aleph) 005720707
090 _a7476062
_c7476062
100 _a20030616d1988 u |0rusy50 ca
101 0 _arus
102 _aRU
105 _ay |||||||||
200 1 _aНижнее Прикамье в ананьинскую эпоху
_e(Об этнокультур. компонентах ананьин. общности)
_eАвтореф. дис. на соиск. учен. степ. канд. ист. наук
_e(07.00.06)
_fАН СССР, Ин-т археологии, Ленингр. отд-ние
210 _aЛ.
_d1988
215 _a18 с.
320 _aБиблиогр.: с. 18 (11 назв.)
700 1 _7ca
_8rus
_aМарков
_bВ. Н.
_cканд. ист. наук, археолог
_f1952-2005
_gВладимир Николаевич
_940779
_3RU\NLR\AUTH\7757847
801 0 _aRU
_bNLR
_gpsbo
801 1 _aRU
_bELAR
_2rusmarc
852 _aNLR
_jА88/26805
942 _cBOOK